| 000 | 00000nam##2200000za#4500 |
| 001 | 9.643048 |
| 003 | CaOODSP |
| 005 | 20210624224005 |
| 007 | cr ||||||||||| |
| 008 | 150407|2004||||xxc|||||o f|0| 0 fre|d |
| 040 | |aCaOODSP|bfre |
| 043 | |an-cn--- |
| 086 | 1 |aFs154-34/2004F-PDF |
| 110 | 2 |aGarde côtière canadienne. |
| 245 | 10|aStratégie de navigation durable pour le Saint-Laurent / |h[ressource électronique]|cpar Pierre D'Arcy, Jean-François Bibeault. |
| 246 | 1 |aSaint-Laurent Vision 2000 |
| 260 | |aQuébec - Québec : |bPêches et Océans Canada. |c2004. |
| 590 | |a14-08-Supp|b2014-04-10 |
| 691 | 07|aConservation de l'environnement|2gcpds |
| 691 | 07|aDéveloppement durable|2gcpds |
| 691 | 07|aNavigation|2gcpds |
| 691 | 07|aVoie navigable|2gcpds |
| 775 | 08|tSustainable navigation strategy for the St. Lawrence / |w(CaOODSP)9.699016 |
| 856 | 40|ahttp://publications.gc.ca|qPDF|s5.90 Mo|uhttps://publications.gc.ca/collections/collection_2014/mpo-dfo/Fs154-34-2004-fra.pdf |